| 000 | 00357nam a22001457a 4500 | ||
|---|---|---|---|
| 999 |
_c15352 _d15352 |
||
| 020 | _a047108672X | ||
| 082 |
_a681.763 _bKRU/DE |
||
| 100 |
_aKrutz, Gary _93037 |
||
| 245 | _aDesign of agricultural machinery | ||
| 260 |
_aU.S.A _bJohn Wiley & Sons _c1984 |
||
| 300 | _a472 | ||
| 700 |
_aThompson, Lester _93032 |
||
| 700 |
_aClaar, Paul _93033 |
||
| 942 | _cREF | ||